| 000 | 00931nam2a22002411 4500 | ||
|---|---|---|---|
| 001 | rc\4726213 | ||
| 005 | 20260406072756.0 | ||
| 035 | _a(NLR Aleph) 008444850 | ||
| 090 |
_a9501373 _c9501373 |
||
| 100 | _a20130416d1966 |||y0rusy50 ca | ||
| 101 | 0 | _arus | |
| 102 | _aRU | ||
| 105 | _ay z ||||| | ||
| 200 | 1 | _aТюльпан | |
| 210 |
_aЭлиста _cКалм. кн. изд-во _d1966 |
||
| 215 | _a27 с. | ||
| 461 | 0 |
_1001rc\4726198 _12001#$a"Современная поэзия Калмыкии"$e№ 1-20$v[15] _99501282 _cЭлиста _d1966 _nКалм. кн. изд-во _o№ 1-20 _p20 брошюр в обл.-папке _t"Современная поэзия Калмыкии" _v[15] |
|
| 700 | 1 |
_8rus _7ca _aСангаджиева _bБ. Б. _f1921-2001 _gБося Бадмаевна _3RU\NLR\auth-onl\77501 _9130557 |
|
| 801 | 0 |
_aRU _bNLR _gpsbo |
|
| 801 | 1 |
_aRU _bELAR _2rusmarc |
|
| 852 |
_aNLR _j67-1/14 |
||
| 942 | _cBOOK | ||
| 980 | _aNB | ||